000
00268nam a22000977a 4500
005
20250901165457.0
008
210409b ||||| |||| 00| 0 eng d
050
_a
E184 .B84 1976
245
_a
PUERTO RICANS IN THE CONTINTAL UNITED STATES
_b
AN UNCERTAIN FUTURE
942
_2
lcc
999
_c
4604
_d
4604